000 00695nam a22002057a 4500
003 OSt
005 20150120153031.0
008 150120b xxu||||| |||| 00| 0 eng d
020 _a1853153443
040 _cDNLM
082 _aWC 100 R311r 1998
245 _aResurgent/ emergent infectious diseases /
_cEdited by Brian G Spratt.
260 _aScotland :
_bRoyal Society of medicine press ;
_c1998
300 _aiv, 242 p :
_bill ;
_c27 cm
440 _aBritish medical bulletin
_n3
_pA series of Expert reviews
_v 54
_x00071420
_92562
504 _aIncludes bibliographical references and index,
650 _aInfectious diseases
_92563
700 _4Editor
_aSpratt Brian G.
_92564
942 _2z
_cSLOAN
999 _c952
_d952